000 00643nam a2200265Ia 4500
005 20260121170612.0
008 008 260114s9999 xx 000 0 eng d
020 _a9783319908724
037 _aEBOOK
040 _aCRL
040 _beng
040 _cCRL
041 _2eng
041 _aeng
084 _qCRL
100 _aRolf Hvidtfeldt
_91065902
245 4 _aThe Structure of Interdisciplinary Science
260 _bSpringer
260 _bSpringer
260 _c2018
856 _uhttps://link.springer.com/openurl?genre=book&isbn=978-3-319-90872-4
942 _cEBOOK
999 _c1631632
_d1631632